000 00399nam a2200181Ia 4500
008 240510s9999 xx 000 0 und d
020 _a9789553025883
041 _asih
082 _a891.483
082 _bJ19
100 _aJAYARATHNA, D.M.
245 0 _aAththetha Mathaka
260 _bColombo : S Godage Brothers
260 _c2010
300 _a192 p.
942 _2ddc
942 _cLBK
999 _c28507
_d28507
945 _a1
_bMadushi Gamage
_c1
_dMadushi Gamage